El extraño caso del doctor Jekyll y de mister Hyde: texto completo
Kaydedildi:
| Yazar: | |
|---|---|
| Materyal Türü: | Kitap |
| Dil: | İspanyolca |
| Baskı/Yayın Bilgisi: |
Santiago
Andrés Bello
1998
|
| Edisyon: | 5a. ed |
| Konular: | |
| Etiketler: |
Etiketle
Etiket eklenmemiş, İlk siz ekleyin!
|
MARC
| LEADER | 00000nam a2200000 a 4500 | ||
|---|---|---|---|
| 001 | UCH8452 | ||
| 003 | CL-VaPUC | ||
| 008 | 091127e19980000CL |||||||||||||||||spa|d | ||
| 020 | |a 8489691762 | ||
| 082 | 0 | 4 | |a 823 |b STE |2 21 |
| 100 | 0 | |a Stevenson, Robert Louis |e author |9 348874 | |
| 245 | 1 | 3 | |a El extraño caso del doctor Jekyll y de mister Hyde: texto completo |
| 250 | |a 5a. ed | ||
| 300 | |a 123 p | ||
| 942 | |c BK | ||
| 945 | |d 20091127 00:00:00 | ||
| 260 | |a Santiago |b Andrés Bello |c 1998 | ||
| 650 | 0 | |a Novelas inglesas |9 265220 | |
| 583 | |a last modification |c 20091127 00:00:00 |k Rodrigo Vera | ||
| 999 | |c 338664 |d 338662 | ||